000 00399nam a2200169Ia 4500
003 OSt
005 20240311101042.0
008 170619s9999 xx 000 0 und d
020 _a9780199562008
040 _cIIMT ENGINEERING COLLEGE
100 _aPinnington- A
245 0 _aHuman Resource Management
260 _bOxford University
260 _c2010
546 _aENGLISH
942 _2ddc
_c02
999 _c22623
_d22623